Secretarios municipales y construcción del estado liberal en España / Eliseu Toscas Santamans
ISBN:
978-84-9876-151-1
Descripción Física:
335 p. ; 22 cm
Materias:
Secretaris d'administració local
MARC
| LEADER | 00000nam a2200000Ia 4500 | ||
|---|---|---|---|
| 001 | 20787 | ||
| 008 | 160829s2008 xx 000 0 cat d | ||
| 020 | |a 978-84-9876-151-1 | ||
| 080 | |a M-6-88 | ||
| 100 | |a Toscas i Santamans, Eliseu |9 23582 | ||
| 245 | |a Secretarios municipales y construcción del estado liberal en España / Eliseu Toscas Santamans | ||
| 260 | |a València : |b Tirant lo Blanch, |c 2008 | ||
| 300 | |a 335 p. ; |c 22 cm | ||
| 590 | |a Bibliografia. | ||
| 590 | |a S'ha utilitzat el fons de l'Arxiu General de la Diputació de Barcelona | ||
| 650 | |a Secretaris d'administració local |9 29002 | ||
| 901 | |a Arxiu | ||
| 942 | |n 1 | ||
| 952 | |0 0 |1 0 |4 0 |6 M688 |7 1 |9 49891 |a Arxiu |b Arxiu |d 2016-12-01 |l 0 |o M-6-88 |p 20787 |r 2016-12-01 00:00:00 |w 2016-12-01 |y ARXIU | ||
| 999 | |c 53733 |d 53733 | ||